000 00282nam a2200109Ia 4500
008 220204s9999 xx 000 0 und d
082 _a631.67(540)
_bGUP
100 _aGupta, I C
245 0 _aUse of saline water in agriculture
260 _aDelhi
_bOxford and IBH
_c1979
942 _cBK
999 _c34445
_d34445